| 000 | 00838pam a2200265 a 4500 | ||
|---|---|---|---|
| 999 |
_c1119 _d1119 |
||
| 001 | 1668862 | ||
| 003 | OSt | ||
| 005 | 20220422092916.0 | ||
| 008 | 980211s1999 paua 000 0 eng c | ||
| 010 | _a 98005824 | ||
| 020 | _a0721641741 | ||
| 040 |
_aDNLM/DLC _cDLC _dDLC |
||
| 050 | 0 | 0 |
_aRB145 _b.C26 1999 |
| 060 | 1 | 0 | _aWH 17 C311c 1999 |
| 082 | 0 | 0 |
_aWH17 C311c 1999 _221 |
| 100 | 1 |
_aCarr, Jacqueline H.; Rodak, Bernadette F. _93052 |
|
| 245 | 1 | 0 | _aClinical Hematology Atlas |
| 260 |
_aPhiladelphia : _bSaunders, _cc1999. |
||
| 300 |
_axiv, 217 p. : _bill. ; _c24 cm. |
||
| 650 | 0 |
_aHematology _93054 |
|
| 650 | 0 |
_a Atlas _99564 |
|
| 906 |
_a7 _bcbc _corignew _d1 _eocip _f19 _gy-gencatlg |
||
| 942 |
_2z _cSLOAN |
||